000 00822nam a2200265 i 4500
001 100317
003 ES-MaACL
005 20240228164904.0
007 t|
008 050926s1982 sp f |||| | spa d
020 _a84-293-0630-7
080 _a946.012".../04"
080 _a946.013".../04"
100 1 _aMartino, Eutimio.
_978500
245 1 0 _aRoma contra cántabros y astures
_b: nueva lectura de las fuentes /
_cEutimio Martino.
260 _aSantander :
_bSal Terrae,
_c1982.
300 _a181 p., 8 lám. ;
_c22 cm.
500 _aÍndices.
650 4 _aCántabros (Pueblo prerromano)-
_xHistoria.
_9162066
650 4 _aAstures-
_vHistoria.
_9162067
651 7 _aEspaña-
_xHistoria-
_y26-19 a.C. (Guerras cántabras)
_9169931
852 _aES-MaACL
_jL-3120
942 _2udc
999 _c100317
_d100317